000 00233 a2200109 4500
020 _a9789367136881
100 _aMahak Mahajan
245 _aNTA UGC NET Management Paper 2
250 _a5th
260 _bPearson
_c2025
942 _cOO
999 _c116215
_d116214